000 00718nam a2200241Ia 4500
003 OSt
005 20220918174835.0
006 a|||||r|||| 00| 0
007 ta
008 220917b |||||||| |||| 00| 0 eng d
024 _a14,382
037 _cTextual
040 _aARTS
_cARTS
_beng
041 _2eng
_aeng
082 _aNQ5932wN08, L8
100 _aBrunner Elizabeth
245 0 _aPainters pilgrimage
_b His Buddhist painting from India, Nepal, Burma, Sri Lanka and Thailand
260 _aNew Delhi
_bHungarian Information and cultural centre India
_c1978
300 _a31p.
_ccm.
650 _aARTS
942 _hNQ5932wN08, L8
_cTEXL
_2CC
999 _c154930
_d154930